000 00410nam a2200193Ia 4500
001 12410
003 GE_BSU
008 181216s||||||||xx |||||||||||||| ||und||
040 _cGE_BSU
080 _a821.111-312.4
100 _aSteel,Danielle.
245 _aMessage From Nam.
260 _aLondon.
260 _bBCA.
260 _c1990
300 _a389p;20cm.
653 _aMessage From Nam.
942 _cBK
999 _c45584
_d45584